| 000 | 00930nam a22002657a 4500 | ||
|---|---|---|---|
| 005 | 20080825153052.0 | ||
| 008 | 080825t xxu||||| |||| 00| 0 eng d | ||
| 010 | _aENG-90754 | ||
| 020 |
_a9788120335691 _c375.00 |
||
| 035 | _aEN-74287 | ||
| 037 | _bDBAD / PUB | ||
| 082 | _a621.381532 | ||
| 100 | _aMurty, D.V.S. | ||
| 245 |
_aTransducers and instrumentation / _cby D.V.S. Murty |
||
| 246 | _aElectronics | ||
| 250 | _a2nd ed | ||
| 260 |
_aNew Delhi _bPrentice-Hall of India _c2008 |
||
| 300 |
_axx, 723p. ; _c24cm. (Pbk) |
||
| 500 | _aIncludes index | ||
| 650 | _aTransducers | ||
| 650 | _aElectronic equipment Transducers | ||
| 650 |
_aElectronic measurement _xlaboratory manuals |
||
| 942 |
_adpl _cEN _2ddc _h621.381532 _mMUR |
||
| 999 |
_c15073 _d15073 |
||